Les saints et fêtes du jour selon le calendrier des postes ! 2e trim. - Statistiques

Statistiques générales
  • Ce quiz a été pris 7 fois
  • Le résultat moyen est 28 sur 91
Statistiques - réponses
Hint Réponse % Correct
AVRIL St + 352 J*l*s 12 Jules
83%
AVRIL St + 1er siècle M*rc 25 Marc
83%
AVRIL St + 1079 St*n*sl*s 11 Stanislas
83%
AVRIL St + 636 I*i*o*e 4 Isidore
67%
AVRIL Ste + 303 JLIEU 8 Julie
67%
AVRIL Jour +1 Lendemain de fête 24 Lundi de Pâques
67%
AVRIL St + 260 IMAMEX 14 Maxime
67%
AVRIL Ste + 1158 O*e**e 20 Odette
67%
AVRIL Jour J Fête religieuse 23 Pâques
67%
AVRIL St + 178 *l*x*ndr* 22 Alexandre
50%
AVRIL St + 1109 1-14-19-5-12-13-5 21 Anselme
50%
JUIN Elévation Fête religieuse 1 Ascension
50%
AVRIL Ste + 1040 MAME 19 Emma
50%
AVRIL St + 1099 7-1-21-20-8-9-5-18 9 Gauthier
50%
AVRIL St + 1132 8-21-7-21-5-19 1 Hugues
50%
AVRIL Ste + 304 *r*n* 5 Irène
50%
AVRIL St + 1719 J-B d* l* S*ll* 7 J-B de la Salle
50%
JUIN St + 1er siècle J**n-B*pt*st* 24 Jean-Baptiste
50%
AVRIL St + 413 13-1-18-3-5-12-12-9-14 6 Marcellin
50%
AVRIL St + 850 16-1-18-6-1-9-20 18 Parfait
50%
AVRIL Ste + 1253 CRIARDH 3 Richard
50%
AVRIL Ste + 171 22-1-12-5-18-9-5 28 Valérie
50%
JUIN St + 263 *lb*n 22 Alban
33%
JUIN St + 1231 A**oi*e 13 Antoine
33%
JUIN Ste + 679 1-21-4-18-5-25 23 Audrey
33%
MAI St + 604 **g*st*n d* C. 27 Augustin de C.
33%
MAI St + 1444 DRAINERBN 20 Bernardin
33%
AVRIL Ste + 1380 C*th. d* S**nn* 29 Cath. de Sienne
33%
JUIN Ste + 545 3-12-15-20-9-12-4-5 4 Clotilde
33%
MAI St + 337 3-15-14-19-20-1-14-20-9-14 21 Constantin
33%
MAI Ste + 250 DENIES 15 Denise
33%
MAI St + 407 D*d**r 23 Didier
33%
JUIN St + 800 5-12-9-19-5-5 14 Elisée
33%
MAI Ste + IIIe siècle TELLEES 11 Estelle
33%
MAI St + 1252 6-5-18-4-9-14-1-14-4 30 Ferdinand
33%
JUIN St + 1082 F*rn*nd 27 Fernand
33%
MAI Fête civile Mamans 28 Fête des mères
33%
JUIN Fête civile Papas 18 Fête des Pères
33%
MAI Fête civile Muguet 1 Fête du Travail
33%
JUIN St + 1152 G*lb*rt 7 Gilbert
33%
MAI Ste + 1060 7-9-19-5-12-5 7 Gisèle
33%
JUIN St + 568 RHEVE 17 Hervé
33%
MAI St + 600 8-15-14-15-18-5 16 Honoré
33%
AVRIL Ste + 1113 9-4-1 13 Ida
33%
MAI Sts + 1er siècle 10-1-3-17-21-5-19 & 16-8-9-12-9-16-16-5 3 Jacques & Philippe
33%
JUIN St + 1640 J-F R*g*s 16 J-F Régis
33%
JUIN St + 618 K*v*n 3 Kévin
33%
JUIN St + 656 12-1-14-4-18-25 10 Landry
33%
JUIN Lendemain Fête religieuse 12 Lundi de Pentecôte
33%
MAI St + 1592 P*sc*l 17 Pascal
33%
JUIN Esprit Saint Fête religieuse 11 Pentecôte
33%
JUIN Sts + 1er siècle P**rr* & P**l 29 Pierre & Paul
33%
MAI Ste + 774 18-15-12-1-14-4-5 13 Rolande
33%
JUIN St + 1027 18-15-13-21-1-12-4 19 Romuald
33%
AVRIL Ste + 1589 *a***i*e 2 Sandrine
33%
MAI Ste + 1865 19-15-16-8-9-5 25 Sophie
33%
MAI St + 305 S*lv**n 4 Sylvain
33%
AVRIL Ste + 1309 DIALA 26 Alida
17%
JUIN St + 1178 A***e**e 26 Anthelme
17%
JUIN Ste + 177 BLINDANE 2 Blandine
17%
MAI St + 907 BRIOS 2 Boris
17%
JUIN Ste + 1236 D**n* 9 Diane
17%
MAI St + 290 ADONIENT 24 Donatien
17%
MAI St + 1160 *r*c 18 Eric
17%
AVRIL St + 1028 *u**e** 10 Fulbert
17%
JUIN St + 1147 *g*r 5 Igor
17%
JUIN St + 203 RENIEE 28 Irénée
17%
JUIN St + IIIe siècle 13-1-18-20-9-1-12 30 Martial
17%
JUIN St + 560 *e*a** 8 Médard
17%
JUIN St + 1134 TRONERB 6 Norbert
17%
MAI St + 348 P*c*m* 9 Pacôme
17%
JUIN St + 463 PROPRES 25 Prosper
17%
MAI Ste + 1492 CREPENDU 6 Prudence
17%
AVRIL 8 Jours Fête religieuse 16 Rameaux
17%
JUIN St + 537 S*lv*r* 20 Silvère
17%
MAI Ste + 880 *o*a**e 10 Solange
17%
MAI St + 1303 *v*s 19 Yves
17%
MAI St + 330 A**i**e 12 Achille
0%
AVRIL St + 166 A*i*e* 17 Anicet
0%
MAI St + 1242 **m*rd 29 Aymard
0%
MAI St + 1093 *e*a**e* 26 Béranger
0%
MAI St + 210 e*i* 22 Emile
0%
JUIN Ste + 1601 *e**ai*e 15 Germaine
0%
MAI Ste + 1260 *u*i** 5 Judith
0%
MAI St + 1er siècle *a**hia* 14 Matthias
0%
AVRIL St + 475 *a*e**e 15 Paterne
0%
JUIN St + 866 *o*o***e 21 Rodolphe
0%
AVRIL Mémoire Fête civile 30 Souv. des Dép. | Souvenir des Déportés
0%
MAI Fête civile Fin de conflit 8 Vict. 1945 | Victoire 1945
0%
MAI Visite à Elisabeth Fête religieuse 31 Visitation
0%
AVRIL Ste + 1278 *i*a 27 Zita
0%
Aucun quiz correspondant
Distribution des résultats
% des personnes avec chaque résultat
Percentile par nombre de réponses
Votre historique - résultats
Vous n’avez pas pris ce quiz